00478 2200169 4500001002100000005001500021035002000036007000300056008004100059020002200100100002100122245006100143250001000204260003100214300002800245990003500273INLIS00000000000675920250707092710 a0010-0725000035ta250707 0 ind  a978-979-22-3799-31 aSoewitomo, Sisca1 aYuk Masak Bersama Sisca Soewitomo Hidangan Sayur Populer acet.1 aJakarta :bGramedia,c2008 a70hlm. :bilus. ;c14cm ac.1/71/Polbangtan Yoma/ha/2025